MARC

LEADER 00000nam0a2200000 4500
001 71381
005 20231101212558.0
035 |a (RuTPU)RU\TPU\book\75988 
090 |a 71381 
100 |a 20041216d1978 km y0rusy50 ca 
101 0 |a rus 
102 |a RU 
105 |a a z 001zy 
200 1 |a Технические средства для направленного бурения скважин малого диаметра  |f В. В. Шитихин  |g Научно-производственное объединение "Геотехника"; Всесоюзный научно-исследовательский институт методики и техники разведки; Под ред. Ю. Т. Морозова 
210 |a Москва  |c Недра  |d 1978 
215 |a 111 с.  |c ил. 
320 |a Библиогр.: с. 109-110 
610 1 |a направленное бурение 
610 1 |a скважины 
610 1 |a технические средства 
610 1 |a отклоняющие снаряды 
610 1 |a искусственные отклонители 
610 1 |a аппаратура 
675 |a 550.82  |v 3 
700 1 |a Шитихин  |b В. В.  |g Виктор Васильевич 
702 1 |a Морозов  |b Ю. Т.  |4 340 
712 0 2 |a Геотехника  |c Научно-производственное объединение  |2 stltpush  |3 (RuTPU)RU\TPU\col\6026  |9 24204 
712 0 2 |a Всесоюзный научно-исследовательский институт методики и техники разведки  |2 stltpush  |3 (RuTPU)RU\TPU\col\6027  |9 24205 
801 1 |a RU  |b 63413507  |c 20041216  |g PSBO 
801 2 |a RU  |b 63413507  |c 20111207  |g PSBO 
942 |c BK